Medzigeneračný prenos chudoby a sociálna mobilita bakalárska práca

Salvato in:
Dettagli Bibliografici
Autore principale: Haulíková, Nicol, 1996-
Ente Autore: Národohospodárska fakulta EU. Katedra sociálneho rozvoja a práce
Altri autori: Kahanec, Martin, 1977-
Natura: Libro
Lingua:slovacco
Pubblicazione: Bratislava 2019
Tags: Aggiungi Tag
Nessun Tag, puoi essere il primo ad aggiungerne!!

MARC

LEADER 00000nbm a2200000 4500
001 0256512
005 20191218105354.4
041 0 |a slo 
044 |a SK 
245 1 0 |a Medzigeneračný prenos chudoby a sociálna mobilita  |b bakalárska práca  |c Nicol Haulíková ; školiteľ: Martin Kahanec 
264 1 |a Bratislava  |c 2019 
300 |a 52 s. 
100 1 |a Haulíková, Nicol, 1996- 
700 1 |a Kahanec, Martin, 1977- 
710 2 |a Národohospodárska fakulta EU. Katedra sociálneho rozvoja a práce